| 000 | 00896nam a22002177a 4500 | ||
|---|---|---|---|
| 999 |
_c19064 _d19064 |
||
| 003 | AR-CdUCM | ||
| 008 | 190516b ||||| |||| 00| 0 spa d | ||
| 040 |
_aMUNICIPALIDAD PROVINCIAL DEL CUSCO _cBIBLIOTECA MUNICIPAL DEL CUSCO |
||
| 082 |
_a349.7 / _bB88 |
||
| 100 |
_aBueno Monreal, José María _940152 |
||
| 245 | _aPrincipios fundamentales de derecho público de la iglesia católica / | ||
| 260 |
_aMadrid : _bAcción catolice española, _c1945. |
||
| 300 |
_a264 páginas ; _c19 cm. |
||
| 505 | _aContenido: Naturaleza jurídica de la iglesia -- Derecho publico eclesiástico interno -- La potestad eclesiástica -- Potestad legislativa de la iglesia... | ||
| 650 |
_aDerecho publico _933425 |
||
| 650 |
_aIglesia catolica _93151 |
||
| 650 |
_aFundamentos _928176 |
||
| 710 |
_aInstituto central de cultura religiosa superior _940153 |
||
| 942 |
_2ddc _cLIBROS |
||
| 945 |
_aacv _d2019-05-16 |
||